Narrative Analysis /

Uloženo v:
Podrobná bibliografie
Hlavní autor: Riessman, Catherine Kohler (autor)
Další autoři: Maanen, John van (edición) (edición), Manning, Peter K. (edición) (edición), Miller, Marc L. (edición) (edición)
Médium: Kniha
Jazyk:angličtina
Vydáno: Los Angeles, EUA : Sage, 1993, c1993
Edice:(Qualitative Research Methods ; 30)
Témata:
Tagy: Přidat tag
Žádné tagy, Buďte první, kdo vytvoří štítek k tomuto záznamu!

MARC

LEADER 00000nam^a2200000^a^4500
001 000175060
005 20250521000000.0
009 20260310101550.805
020 |a 0-8039-4754-2 
037 |a Acervo ITESO - Biblioteca 
041 |a ING 
082 |a 300. 1  |b QUA V. 30 
100 |a Riessman, Catherine Kohler  |e (autor) 
245 1 0 |a Narrative Analysis /  |c C.K. Riessman ; ed. de la serie e introd. de J. van Maanen, P.K. Manning, M.L. Miller. 
264 4 |a Los Angeles, EUA :  |b Sage,  |c 1993, c1993 
300 |a VII, 79 p. 
336 |a texto  |b txt  |2 rdacontenido 
337 |a sin mediación  |b n  |2 rdamedio 
338 |a volumen  |b nc  |2 rdasoporte 
440 1 |a (Qualitative Research Methods ;  |v 30) 
649 |a XX 
650 |a Análisis del Discurso -  |x Tema Principal 
650 |a Metodología Cualitativa 
650 |a Ciencias Sociales -  |x Investigación -  |x Metodología 
700 |a Maanen, John van  |e (edición) 
700 |a Manning, Peter K.  |e (edición) 
700 |a Miller, Marc L.  |e (edición) 
910 |a Fondo General 
920 |a Impresos - Libros 
930 |a Colección General 
905 |a 101 
901 |a 0500112811  |b IT1  |c ACC  |u 20250521 
902 |a https://opac.biblio.iteso.mx/vufind/Record/000175060